LEADER 01114nam--2200373---450- 001 990003674720203316 005 20120629130755.0 010 $a978-88-6159-682-5 035 $a000367472 035 $aUSA01000367472 035 $a(ALEPH)000367472USA01 035 $a000367472 100 $a20120629d2012----km-y0itay50------ba 101 0 $aita 102 $aIT 105 $aa|||z|||001yy 200 1 $a<> stazione ferroviaria nella cittą che cambia$fElisa Conticelli 210 $a[Milano]$cBruno Mondadori$d2012 215 $a182 p.$cill.$d22 cm 225 2 $aSaggi di architettura 225 2 $aRicerca 410 0$12001$aSaggi di architettura 410 0$12001$aRicerca 606 0 $aStazioni ferroviarie$xSistemazione urbanistica$2BNCF 676 $a711.75 700 1$aCONTICELLI,$bElisa$0518475 801 0$aIT$bsalbc$gISBD 912 $a990003674720203316 951 $a711.75 CON 1$b236852 L.M.$c711.75$d00312182 959 $aBK 969 $aTEC 979 $aANNAMARIA$b90$c20120629$lUSA01$h1307 996 $aStazione ferroviaria nella cittą che cambia$9841289 997 $aUNISA